| 000 | 00423nam a22001577a 4500 | ||
|---|---|---|---|
| 020 | _a81-7920-079-5 | ||
| 082 |
_a823 _bAGA/Q |
||
| 100 | _aSHARMA, MEENA | ||
| 245 |
_a22 FAMOUS GRANDPA'S TALES _bSTORIES FOR CHILDREN |
||
| 246 |
_a22 FAMOUS GRANDPA'S TALES _bSTORIES FOR CHILDREN |
||
| 260 |
_aDELHI _bSHANTI PUBLICATIONS |
||
| 300 | _a24 | ||
| 520 | _aSTORIES FOR CHILDREN | ||
| 650 | _aSTORIES FOR CHILDREN | ||
| 942 | _cBK | ||
| 999 |
_c2537 _d2537 |
||